| 000 | 00740nam a2200229 a 4500 | ||
|---|---|---|---|
| 001 | BRCA_279 | ||
| 005 | 20190320202938.0 | ||
| 008 | 300508s1992----mx-#---###---#000-0#spa-# | ||
| 020 | _a9686120203 | ||
| 050 | 4 |
_aHE859 _b.B47 1992 |
|
| 100 | 1 |
_aBernal, Rafael _d1915-1972 _9934 |
|
| 245 | 1 | 0 |
_aEl gran océano _cRafael Bernal. |
| 260 |
_aMéxico _bBanco de México _c1992 |
||
| 300 |
_a529 p. _c27 cm. |
||
| 650 | 1 | 4 |
_aTransculturación _xOriente - Occidente _9935 |
| 650 | 1 | 4 |
_aGaleones _xManila - Historia _9936 |
| 650 | 1 | 4 |
_aTransculturación _xOriente - Occidente _9935 |
| 651 | 4 |
_aMéxico _xComercio - Historia _zFilipinas _9937 |
|
| 651 | 4 |
_aOceano Pacífico _xHistoria _ySiglo XIV a XIX _9938 |
|
| 653 | 0 | _aGaleón de Manila | |
| 942 |
_2lcc _cB |
||
| 999 |
_c224 _d224 |
||